LEADER 01434nam a2200289 i 4500 001 000000060061 003 CaOOAMICUS 005 20260416103418.0 008 150504s1781 fr u000 u fre u 013 $a31233 026 $aS.T, a.e, ntux emne (3) 1781 (R) 040 $aSeMil$bita 100 1 $aGiroust, Jacques,$c.$0(OLS)http://semarc/name/14670 245 10$aSermons pour l'avent, par le p. Giroust, de la Compagnie de Jésus. 250 $aNouvelle édition, revue et augmentée. 264 1$aA Toulouse :$bChez Sens, Libraire, vis-à-vis l'Église St. Rome ;$aA Nismes :$bChez Gaude, père, fils & Compagnie,$c1781. 300 $aVIII, 614, [2] p. ;$c12°. 500 $aSegn.: pg2 2 A-2B12 2C8. 650 4$aPrediche, omelie, sermoni - Sec. 18.-19.$0(OLS)http://semarc/subject/5107 700 0 $aGaude,$c.$0(OLS)http://semarc/name/14903 700 0 $aSens,$c.$0(OLS)http://semarc/name/14671 850 $aSeMil 852 $aSeMil$W1$xVenegono$y1$m3F I 127 FA$j26214$B26214$CSeMilBibl$Z2$F26217 $8I 996 $6245$aSermons pour l'avent, par le p. Giroust, de la Compagnie de Jésus$9(OLS)http://semarc/title/94040 996 $6264$aA Toulouse :$bChez Sens, Libraire, vis-à-vis l'Église St. Rome$9(OLS)http://semarc/publisher/39031 996 $6264$aA Nismes :$bChez Gaude, père, fils & Compagnie$9(OLS)http://semarc/publisher/39032